Be careful what you wish for / (Record no. 29888)

MARC details
000 -LEADER
fixed length control field 01681nam a2200409 i 4500
001 - CONTROL NUMBER
control field sky270792765
003 - CONTROL NUMBER IDENTIFIER
control field SKY
005 - DATE AND TIME OF LATEST TRANSACTION
control field 20240626162548.0
008 - FIXED-LENGTH DATA ELEMENTS--GENERAL INFORMATION
fixed length control field 141016t20152014nyu e 000 f eng d
020 ## - INTERNATIONAL STANDARD BOOK NUMBER
International Standard Book Number 9781250034465
020 ## - INTERNATIONAL STANDARD BOOK NUMBER
International Standard Book Number 1250034469
040 ## - CATALOGING SOURCE
Original cataloging agency sm
Description conventions rda
Modifying agency UtOrBLW
-- SKYRV
-- CoBoFLC
Transcribing agency sjds
050 #0 - LIBRARY OF CONGRESS CALL NUMBER
Classification number PS
082 0# - DEWEY DECIMAL CLASSIFICATION NUMBER
Classification number 813
100 1# - MAIN ENTRY--PERSONAL NAME
Personal name Archer, Jeffrey,
Dates associated with a name 1940-
Relator term author.
245 10 - TITLE STATEMENT
Title Be careful what you wish for /
Statement of responsibility, etc. Jeffrey Archer.
250 ## - EDITION STATEMENT
Edition statement St. Martin's Paperbacks edition.
260 ## - PUBLICATION, DISTRIBUTION, ETC. (IMPRINT)
Place of publication, distribution, etc. New York :
Name of publisher, distributor, etc. St. Martin's Paperbacks,
Date of publication, distribution, etc. 2015.
264 #1 - PRODUCTION, PUBLICATION, DISTRIBUTION, MANUFACTURE, AND COPYRIGHT NOTICE
Place of production, publication, distribution, manufacture New York :
Name of producer, publisher, distributor, manufacturer St. Martin's Paperbacks,
Date of production, publication, distribution, manufacture, or copyright notice 2015.
264 #4 - PRODUCTION, PUBLICATION, DISTRIBUTION, MANUFACTURE, AND COPYRIGHT NOTICE
Date of production, publication, distribution, manufacture, or copyright notice ℗♭2014.
300 ## - PHYSICAL DESCRIPTION
Extent 494 pages :
Other physical details genealogical tables ;
Dimensions 19 cm.
336 ## - CONTENT TYPE
Content type term text
Content type code txt
Source rdacontent.
337 ## - MEDIA TYPE
Media type term unmediated
Media type code n
Source rdamedia.
338 ## - CARRIER TYPE
Carrier type term volume
Carrier type code nc
Source rdacarrier.
490 1# - SERIES STATEMENT
Series statement The Clifton chronicles ;
Volume/sequential designation bk. 4.
500 ## - GENERAL NOTE
General note "A novel"--Cover.
520 ## - SUMMARY, ETC.
Summary, etc. While Harry and Emma race to discover the fate of their son after a terrible car accident, Don Pedro Martinez plots to install a puppet chairman at the Barrington Shipping Company and Jessica's nuptials are sabotaged by a poisonous friend.
521 8# - TARGET AUDIENCE NOTE
Target audience note 570L
Source Lexile.
534 ## - ORIGINAL VERSION NOTE
Introductory phrase Originally published :
Publication, distribution, etc. of original Great Britain : Macmillan, an imprint of Pan Macmillan, a division of Macmillan Publishers Limited.
650 #0 - SUBJECT ADDED ENTRY--TOPICAL TERM
Topical term or geographic name as entry element Families
Geographic subdivision England
General subdivision History
Chronological subdivision 20th century
Form subdivision Fiction.
650 #0 - SUBJECT ADDED ENTRY--TOPICAL TERM
Topical term or geographic name as entry element Social classes
Geographic subdivision England
Form subdivision Fiction.
651 #0 - SUBJECT ADDED ENTRY--GEOGRAPHIC NAME
Geographic name United States
General subdivision History
Chronological subdivision 20th century
Form subdivision Fiction.
655 #7 - INDEX TERM--GENRE/FORM
Genre/form data or focus term Domestic fiction.
Source of term lcgft.
655 #7 - INDEX TERM--GENRE/FORM
Genre/form data or focus term Historical fiction.
Source of term lcgft.
800 1# - SERIES ADDED ENTRY--PERSONAL NAME
Personal name Archer, Jeffrey,
Dates associated with a name 1940-
Title of a work Clifton chronicles ;
Volume/sequential designation v. 4.
942 ## - ADDED ENTRY ELEMENTS (KOHA)
Koha item type Libro/Book
Holdings
Withdrawn status Lost status Damaged status Not for loan Home library Current library Shelving location Date acquired Inventory number Total Checkouts Full call number Barcode Date last seen Date checked out Price effective from Koha item type
        San Juan Del Sur -- Biblioteca San Juan Del Sur -- Biblioteca English 26/06/2024 inventory last seen Mar 2025 5 F 30030619 18/09/2025 03/09/2025 26/06/2024 Libro/Book

Powered by Koha